000
00278nam a2200097Ia 4500
082
_a
747.92 ATKI
245
0
_a
Ideas for great home lighting
100
_a
ATKINSON, Scott Menlo Park, Calif., 2003
_9
96654
942
_c
BK
008
210817s9999 xx 000 0 und d
999
_c
407039
_d
407038